000 006900000a22001210004500
100 1 _aJunca, Humberto
245 1 0 _aPuro reciclaje : Un balance del año
300 _aVol.0, núm.15 (Diciembre, 2006), Páginas 16-17
500 _aArtista plastico y profesor de las Universidades de los Andes y Tadeo.
520 _aDos muestras que se exhiben actualmente en el MAMBO y en la Galería Santa Fe sirven para preguntarse por los nuevos valores del arte joven. Si al principio del año el Premio Botero causó polémica, este final de 2006 se cierra con una pregunta: ¿Hay una exaltación de lo joven en el arte colombiano?
773 0 _tArcadia / Andrés Felipe Solano, Editor
942 _cANA
999 _c61863
_d61863